000 00314nam a2200133Ia 4500
008 231129s1970||||xx |||||||||||||| ||spa||
040 _beng
082 _a303.6821 C311L
100 _aCarr Raymond
245 0 _aLatin American Affairs
260 _c1970
264 _aOxford University Press
942 _2ddc
_cBKS
999 _c19025
_d19025